| 000 | 00910nam a22002177a 4500 | ||
|---|---|---|---|
| 999 |
_c6340 _d6340 |
||
| 003 | AR-CdUCM | ||
| 008 | 190314b ||||| |||| 00| 0 spa d | ||
| 040 |
_aMUNICIPALIDAD PROVINCIAL DEL CUSCO _cBIBLIOTECA MUNICIPAL DEL CUSCO |
||
| 082 |
_a869.2018 / _bB31 |
||
| 100 |
_aBecco, Horacio Jorge _918125 |
||
| 245 |
_aDiez poetas jóvenes : _bEnsayo sobre moderna poética, antología, y ubicación objetiva de la poesía joven desde 1937 a 1947 / |
||
| 260 |
_aBuenos Aires : _bOllantay, _c1948. |
||
| 300 |
_a195 paginas ; _c20 cm. |
||
| 500 | _aDonación familia Nieto. | ||
| 505 | _aContenido :Introducción a la poesía -- Panorama de la joven poesía argentina -- Germen antología -- Apuntes sobre moderna poética -- Interior del poeta ... | ||
| 650 |
_aPoesía argentina _91657 |
||
| 650 |
_aPoetas argentinos _911817 |
||
| 650 |
_aHistoria y crítica _95993 |
||
| 942 |
_2ddc _cLIBROS |
||
| 945 | _arum | ||